Zbierka príkladov k účtovnej evidencii pre 1. ročník hospodárskych škôl so štvorročným štúdiom /

Hlavní autor: Vihan, Karel, 1894-1969
Jazyk: Slovenština
Vydáno: Bratislava : Slovenské pedagogické nakladateľstvo, 1956
Vydání: 1. vydanie
Fyzický popis: 78 stran ; 21 cm
Knihy
Uloženo v:
LEADER 01188nam a22003012i 4500
001 001557347
003 CZ BrMZK
005 20161214123816.0
007 ta
008 161214s1956 xo er|||||||||||slo d
040 |a ABA001  |b cze  |c ABA001  |d BOA001  |e rda 
041 1 |a slo  |h cze 
080 9 |a 330.42(075.3)(076.5)  |2 undef 
100 1 |a Vihan, Karel,  |d 1894-1969  |7 jk01142315  |4 aut 
240 1 0 |a Příklady z účetní evidence pro 1. ročník hospodářských škol  |l Česky 
245 1 0 |a Zbierka príkladov k účtovnej evidencii pre 1. ročník hospodárskych škôl so štvorročným štúdiom /  |c Karel Vihan ; prel. Rudolf Boleček 
250 |a 1. vydanie 
264 1 |a Bratislava :  |b Slovenské pedagogické nakladateľstvo,  |c 1956 
300 |a 78 stran ;  |c 21 cm 
336 |a text  |b txt  |2 rdacontent 
337 |a bez média  |b n  |2 rdamedia 
338 |a svazek  |b nc  |2 rdacarrier 
500 |a Přeloženo z češtiny 
910 |a BOA001  |b 2-0355.351 
990 |a BK 
991 |b 201612 
996 7 |b 2618938818  |c 2-0355.351  |l MZK  |r Sklad / do 24 hodin  |n 0  |w 001592510  |u 000010  |a 1  |e BOA001  |j MZK50  |s A 
996 7 |b 2618938819  |c 2-0355.351  |l MZK  |r Sklad / do 24 hodin  |n 0  |w 001592510  |u 000020  |a 1  |e BOA001  |j MZK50  |s A